[Event "Oberliga Bayern9596"]
[Site "Bayern"]
[Date "1995.??.??"]
[Round "?"]
[White "Albrecht, Hans"]
[Black "Dengler, Peter"]
[Result "1-0"]
[WhiteElo "2155"]
[BlackElo "2315"]

1.e4 c5 2.Nf3 d6 3.d4 cxd4 4.Nxd4 Nf6 5.Nc3 a6 6.g3 e5 7.Nde2 Be7 8.Bg2 O-O
9.O-O Be6 10.h3 b5 11.b3 b4 12.Nd5 Nxd5 13.exd5 Bc8 14.a3 bxa3 15.Rxa3 f5
16.c4 g5 17.f4 Nd7 18.Kh2 Bf6 19.Qd2 gxf4 20.gxf4 Nc5 21.Qc2 e4 22.Bd2 Ra7
23.b4 Nd3 24.Nc1 Nxc1 25.Rxc1 Rg7 26.Rg3 Rxg3 27.Kxg3 Rf7 28.Kh2 Bg7 29.Be3 Rb7
30.Qd2 Qe8 31.Bf1 Qa4 32.Rb1 Qa3 33.c5 Bc3 34.Qc2 Rxb4 35.Rxb4 Bxb4 36.cxd6 Bd7
37.Qc7 Qxe3 38.Qd8+ Kg7 39.Qxd7+ Kh6 40.Qxf5 Qf2+ 41.Bg2 Qh4 42.Bxe4 Qf2+
43.Bg2 Qh4 44.Qf8+ Kh5 45.Bf3+ Kg6 46.Be4+  1-0

[Event "Belgrade Minex"]
[Site "Belgrade"]
[Date "1995.??.??"]
[Round "3"]
[White "Marinkovic, Slavisa"]
[Black "Shneider, Aleksandr"]
[Result "1/2-1/2"]
[WhiteElo "2415"]
[BlackElo "2530"]

1.e4 c5 2.Nf3 d6 3.d4 cxd4 4.Nxd4 Nf6 5.Nc3 a6 6.g3 e5 7.Nb3 Be7 8.a4 Nc6
9.Bg2 Nb4 10.Bg5 Be6 11.O-O Rc8 12.a5 Qd7 13.Nc1 O-O 14.Nd3 Nxd3 15.cxd3 h6
16.Bxf6 Bxf6 17.Qd2 Rb8 18.b4 b6 19.h4 Rfc8 20.axb6 Rxb6 21.Nd5 Bxd5 22.exd5 e4
23.Rac1 Rcb8 24.Rc4 exd3 25.Rd1 h5 26.Qxd3 Rxb4  1/2-1/2

[Event "GER-ch"]
[Site "Binz"]
[Date "1995.??.??"]
[Round "5"]
[White "Vuckovic, Aleksandar"]
[Black "Lutz, Christopher"]
[Result "0-1"]
[WhiteElo "2290"]
[BlackElo "2575"]

1.e4 c5 2.Nf3 d6 3.d4 cxd4 4.Nxd4 Nf6 5.Nc3 a6 6.g3 e5 7.Nde2 Be7 8.Bg2 Be6
9.O-O O-O 10.h3 b5 11.g4 b4 12.Nd5 Nxd5 13.exd5 Bd7 14.a3 bxa3 15.Rxa3 f5
16.gxf5 Bxf5 17.Ng3 Bg6 18.Be3 Bg5 19.Bxg5 Qxg5 20.Qe2 Ra7 21.c4 Rc7 22.Kh1 Rf4
23.Rc3 Nd7 24.b4 a5 25.bxa5 Nc5 26.Ra3 Ra7 27.Qb2 Qd8 28.Qe2 Rxa5 29.Rfa1 Rxa3
30.Rxa3 Rf8 31.Kg1 Qg5 32.Qa2 Qc1+ 33.Bf1 Bb1 34.Qa1 Qc2 35.Nh1 Nb3  0-1

[Event "Bled op-B"]
[Site "Bled"]
[Date "1995.??.??"]
[Round "2"]
[White "Kastelic, Marjan"]
[Black "Kavcic, Uros"]
[Result "1-0"]
[WhiteElo "2220"]
[BlackElo "1920"]

1.e4 c5 2.Nf3 d6 3.d4 cxd4 4.Nxd4 Nf6 5.Nc3 a6 6.g3 b5 7.Bg2 Bb7 8.O-O e6
9.a3 Qc7 10.g4 d5 11.exd5 h5 12.g5 Ng4 13.f4 Bc5 14.Ne4 e5 15.Nxc5 Qxc5 16.fxe5 Bxd5
17.b4 Qc4 18.Nf5 Bxg2 19.Nd6+ Ke7 20.Nxc4 Bxf1 21.Kxf1 bxc4 22.Qd6+ Ke8 23.Bf4  1-0

[Event "Budapest FS07 IM-A"]
[Site "Budapest"]
[Date "1995.??.??"]
[Round "?"]
[White "Ivakhin, Maxim"]
[Black "Cao Sang"]
[Result "1-0"]
[WhiteElo "2240"]
[BlackElo "2420"]

1.e4 c5 2.Nf3 d6 3.d4 cxd4 4.Nxd4 Nf6 5.Nc3 a6 6.g3 e5 7.Nde2 Be7 8.Bg2 O-O
9.O-O b5 10.Nd5 Nbd7 11.Nec3 Bb7 12.a4 Nxd5 13.Nxd5 Bxd5 14.exd5 b4 15.Bd2 a5
16.c3 bxc3 17.Bxc3 f5 18.b4 axb4 19.Bxb4 e4 20.a5 Ne5 21.Qa4 Bf6 22.Ra3 Rf7
23.Bc3 Rfa7 24.Bd2 Nd3 25.Rb1 Nc5 26.Qc4 Be5 27.Bf1 h5 28.Rb6 Qf6 29.a6 f4
30.Ra5 fxg3 31.hxg3 Rf7 32.Be3 Nd7 33.Rb3 h4 34.Qxe4 hxg3 35.Bd3 Nf8 36.Ra2 g5
37.Qg4 Rg7 38.fxg3 Bf4 39.Bf2 Qe7 40.Rb7 Nd7 41.Qe6+ Kf8 42.Qxe7+ Kxe7 43.gxf4 gxf4+
44.Kf1 Rh8 45.Bb5  1-0

[Event "Cappelle op"]
[Site "Cappelle la Grande"]
[Date "1995.??.??"]
[Round "8"]
[White "Nepeina Leconte, Maria"]
[Black "Gurevich, Vladimir"]
[Result "1-0"]
[WhiteElo "2255"]
[BlackElo "2445"]

1.e4 c5 2.Nf3 d6 3.d4 cxd4 4.Nxd4 Nf6 5.Nc3 a6 6.g3 e5 7.Nb3 Be7 8.Bg2 O-O
9.O-O Be6 10.a4 Nc6 11.Nd5 Bxd5 12.exd5 Na5 13.Nd2 Rc8 14.b3 Qc7 15.c4 b6
16.Qe2 Nd7 17.Bb2 Bg5 18.Ne4 Bh6 19.Ba3 Nc5 20.Nf6+ gxf6 21.b4 Ncb3 22.bxa5 Nxa1
23.axb6 Qxb6 24.Rxa1 Rfd8 25.Be4 Kf8 26.Rb1 Qc7 27.c5 dxc5 28.Qxa6 Rd6 29.Qc4 Kg8
30.Rb5 Rdd8 31.Bf5 Rb8 32.Rxc5 Qb7 33.Qh4  1-0

[Event "Gausdal Int"]
[Site "Gausdal"]
[Date "1995.??.??"]
[Round "2"]
[White "Parr, Erik"]
[Black "Gausel, Einar"]
[Result "1/2-1/2"]
[WhiteElo "2270"]
[BlackElo "2490"]

1.e4 c5 2.Nf3 d6 3.d4 cxd4 4.Nxd4 Nf6 5.Nc3 a6 6.g3 e5 7.Nde2 Be7 8.Bg2 O-O
9.a4 b6 10.h3 Bb7 11.g4 Nc6 12.Ng3 Nb4 13.Nf5 Nd7 14.O-O Nc5 15.Be3 Rc8 16.Qd2 g6
17.Nxe7+ Qxe7 18.Nd1 a5 19.Nc3 f5 20.Bg5 Qd7 21.Rad1 Nxe4 22.Nxe4 Bxe4 23.Bxe4 fxe4
24.Qxd6 Qxd6 25.Rxd6 Rxc2 26.Rxb6 Rf3 27.Rb8+ Kf7 28.Rb7+ Ke6 29.Re7+ Kd5
30.Rxh7 Rxb2 31.Ra7 Nd3 32.Rxa5+ Kc4 33.Be3 Rxh3 34.Ra6 Rb8 35.Rxg6 Rbh8
36.g5 R8h4 37.Kg2 Rh2+ 38.Kg3 R2h3+ 39.Kg2 Nf4+ 40.Bxf4 exf4 41.Rg1 Rh2+
42.Kf1 e3 43.fxe3 fxe3 44.Rg2 Rf4+ 45.Kg1 Rhh4 46.Re6 Re4 47.Rxe4+ Rxe4 48.Kf1 Kd3
49.Ra2 Rf4+ 50.Ke1 Rg4 51.Ra3+ Ke4 52.Rb3 Kf3 53.Kd1 Rg1+ 54.Kc2 Kf2 55.Kd3 e2
56.Rb2 Rg3+ 57.Kc4 Rxg5 58.Kb4 Rg8 59.Ra2 Kf1 60.Ra1+ e1=Q+ 61.Rxe1+ Kxe1
62.a5 Kd2 63.a6 Kd3 64.Kc5 Rg6 65.Kb5 Kd4 66.a7 Rg8 67.Kc6 Rg6+ 68.Kb7 Rg7+
69.Kb8 Kc5 70.a8=Q Rg8+ 71.Kb7 Rxa8 72.Kxa8  1/2-1/2

[Event "BL9495 (Women)"]
[Site "Germany"]
[Date "1995.??.??"]
[Round "203"]
[White "Schaefer, Anke"]
[Black "Burchardt, Brigitte"]
[Result "1/2-1/2"]
[WhiteElo "2135"]
[BlackElo "2275"]

1.e4 c5 2.Nf3 d6 3.d4 cxd4 4.Nxd4 Nf6 5.Nc3 a6 6.g3 e5 7.Nde2 Qc7 8.Bg2 b5
9.h3 Bb7 10.a3 Nbd7 11.g4 Nb6 12.g5 Nfd7 13.Ng3  1/2-1/2

[Event "Wch U20"]
[Site "Halle"]
[Date "1995.??.??"]
[Round "10"]
[White "Zaveskis, Laurynas"]
[Black "Tzoumbas, Anastasios"]
[Result "1/2-1/2"]
[WhiteElo "2230"]
[BlackElo "2360"]

1.e4 c5 2.Nf3 d6 3.d4 cxd4 4.Nxd4 Nf6 5.Nc3 a6 6.g3 e5 7.Nde2 Be7 8.Bg2 Nbd7
9.a4 b6 10.h3 Bb7 11.g4 Rc8 12.Ng3 O-O 13.O-O Nc5 14.Re1 g6 15.Be3 Ne6 16.Qd2 Re8
17.Rad1 Bf8 18.Nd5 Nxd5 19.exd5 Nc5 20.b3 Bg7 21.Ne4 Qd7 22.Bxc5 bxc5 23.g5 Rf8
24.c4 f5 25.gxf6 Bxf6 26.Qe2 Be7 27.Qg4 Qf5 28.Rd3 Rb8 29.Ree3 Bc8 30.Qe2 Qf4
31.Rf3 Qc1+ 32.Rd1 Qh6 33.Rxf8+ Qxf8 34.Rd3 Qh6 35.Nxc5 Qc1+ 36.Rd1 Qa3 37.Ne4 Rxb3
38.c5 Kg7 39.Nxd6 Bxd6 40.cxd6 Qxd6 41.Qc4 Rb8  1/2-1/2

[Event "HUN-chT2 9495"]
[Site "HUN"]
[Date "1995.??.??"]
[Round "?"]
[White "Palvolgyi, Istvan"]
[Black "Katona, Marton"]
[Result "1/2-1/2"]
[WhiteElo "2245"]
[BlackElo "2200"]

1.e4 c5 2.Nf3 d6 3.d4 cxd4 4.Nxd4 Nf6 5.Nc3 a6 6.g3 e5 7.Nde2 b5 8.Bg5 Bb7
9.Bg2 Nbd7 10.O-O Be7 11.a3 O-O 12.Bxf6 Nxf6 13.Qd3 Rc8 14.Rfd1 Qb6 15.Nd5 Nxd5
16.exd5 f5 17.c3 g6 18.Qd2 Rc4 19.Bf1 Rc5 20.Qe3 Qd8 21.Bg2 e4 22.Nf4 Bg5
23.h4 Bh6 24.a4 Rxd5 25.Rxd5 Bxd5 26.axb5 axb5 27.Ra7 Rf7  1/2-1/2

[Event "Kishinev Interzonal (Women)"]
[Site "Kishinev"]
[Date "1995.??.??"]
[Round "4"]
[White "Cosma, Elena Luminita"]
[Black "Berezina, Irina"]
[Result "1/2-1/2"]
[WhiteElo "2330"]
[BlackElo "2195"]

1.e4 c5 2.Nf3 d6 3.d4 cxd4 4.Nxd4 Nf6 5.Nc3 a6 6.g3 e6 7.Bg2 Be7 8.O-O O-O
9.a4 Qc7 10.Nb3 Nc6 11.f4 Rb8 12.a5 b5 13.axb6 Qxb6+ 14.Kh1 Rd8 15.Qe2 Nb4
16.Na4 Qc7 17.c3 Nc6 18.Nd2 e5 19.f5 d5 20.exd5 Nxd5 21.Ne4 Na5 22.b4 Nb3
23.Rb1 Nxc1 24.Rbxc1 Qc6 25.Nac5 Qh6 26.Rce1 Qb6 27.Rd1 a5 28.bxa5 Qxa5 29.c4 Nc3
30.Rxd8+ Bxd8 31.Nxc3 Qxc3 32.Bd5 Rb6 33.Qh5 g6 34.fxg6 hxg6 35.Qd1 Qd4 36.Qxd4 exd4
37.Rxf7 Bh3 38.Rf6+ Kg7 39.Rxb6 Bxb6 40.Nb3 Kf6 41.c5 Ba7 42.Bc4 Ke5 43.Kg1 Bg4
44.Kf1  1/2-1/2

[Event "Lenk op"]
[Site "Lenk"]
[Date "1995.??.??"]
[Round "3"]
[White "Molnar, Bela"]
[Black "Gallagher, Joseph G"]
[Result "0-1"]
[WhiteElo "2340"]
[BlackElo "2515"]

1.e4 c5 2.Nf3 d6 3.d4 cxd4 4.Nxd4 Nf6 5.Nc3 a6 6.g3 e5 7.Nde2 b5 8.Bg2 Bb7
9.h3 Nbd7 10.g4 Nc5 11.Ng3 g6 12.a3 h5 13.g5 Nfd7 14.h4 Qc7 15.O-O Bg7 16.Nge2 Nb6
17.b3 O-O 18.Bb2 f5 19.Nd5 Nxd5 20.exd5 f4 21.f3 Bc8 22.Rb1 Bf5 23.Nc3 Rac8
24.Rf2 Qb6 25.Kf1 a5 26.Qe2 Nxb3 27.Qxb5 Qxb5+ 28.Nxb5 Bxc2  0-1

[Event "Liechtenstein op"]
[Site "Liechtenstein"]
[Date "1995.??.??"]
[Round "?"]
[White "Mittelberger, Peter"]
[Black "Schweizer, Robert"]
[Result "1/2-1/2"]
[WhiteElo "2225"]
[BlackElo "2105"]

1.e4 c5 2.Nf3 d6 3.d4 cxd4 4.Nxd4 Nf6 5.Nc3 a6 6.g3 e5 7.Nf3 b5 8.Bg5 Nbd7
9.Bg2 Qc7 10.O-O Bb7 11.Re1 Be7 12.a3 O-O 13.Qd2 Nb6 14.Rad1 Rfd8 15.Nh4 Nc4
16.Qc1 g6 17.Nf3 Nxa3 18.Re2 Rac8 19.Bh3 Rb8 20.Bxf6 Bxf6 21.Nd5 Bxd5 22.Rxd5 Nc4
23.Rd1 Qc5 24.Qa1 Ra8 25.Ne1 a5 26.Qa2 Nb6 27.Bg2 Qc4 28.Qxc4 Nxc4 29.c3 Nb6
30.Nc2 Rab8 31.Ne3 Be7  1/2-1/2

[Event "SLO-ch (Women)"]
[Site "Ljubljana"]
[Date "1995.??.??"]
[Round "?"]
[White "Mihevc, Narcisa"]
[Black "Grosar, Kiti"]
[Result "1/2-1/2"]
[WhiteElo "2220"]
[BlackElo "2225"]

1.e4 c5 2.Nf3 d6 3.d4 cxd4 4.Nxd4 Nf6 5.Nc3 a6 6.g3 e6 7.Bg2 Be7 8.O-O O-O
9.a4 Nc6 10.Nxc6 bxc6 11.e5 Nd5 12.exd6 Qxd6 13.Ne4 Qc7 14.c4 Nb4 15.Bd2 f5
16.Nc3 Rd8 17.Qe2 Nd3 18.a5 Bb4 19.Na4 Bxd2 20.Qxd2 Ne5 21.Qb4 Rb8 22.Nb6 c5
23.Qe1 Kf7 24.Qe2 Nd7 25.Nxd7 Bxd7 26.Rfe1 Re8 27.Ra3 Bc6 28.Bxc6 Qxc6 29.Re3 g6
30.Re5 Rb3 31.Qd2 Re7 32.h4 Rb8 33.Qh6 Kg8 34.Qd2 Kg7 35.Qc3 Kf7 36.Qd2 Rb4
37.Qe2 Qd6 38.Rd1 Qb8 39.Rd2 Kf6 40.f4 Rb3 41.Re3 Rb4 42.Re5 Qc7 43.Qe3 Rxc4
44.b3 Rc1+ 45.Kf2 Qc6 46.Re2 Rh1 47.Rxc5 Rh2+ 48.Ke1 Qh1+ 49.Kd2 Rd7+ 50.Kc3 Rxe2
51.Qxe2 Qc1+ 52.Qc2 Qa1+ 53.Kb4 Rb7+ 54.Kc4 Qf1+ 55.Kc3 Qa1+ 56.Kc4 Qf1+
57.Kc3 Qf3+ 58.Kb2 Qxg3 59.Qc3+ Qxc3+ 60.Kxc3 h6 61.Rc6 g5 62.hxg5+ hxg5
63.fxg5+ Kxg5 64.Rxe6 f4 65.Rxa6 f3 66.Rd6 f2 67.Rd1 Kf4 68.b4 Ke5 69.Kc4 Rf7
70.Rf1 Kd6 71.Kb5 Kc7 72.Ka6 Rf6+ 73.Ka7 Rf7 74.Ka6 Rf6+ 75.Kb5 Rf5+ 76.Ka4 Kc6
77.Rc1+  1/2-1/2

[Event "CRO-chT"]
[Site "Makarska Tucepi"]
[Date "1995.??.??"]
[Round "?"]
[White "Zelic, Zdravko"]
[Black "Palac, Mladen"]
[Result "1/2-1/2"]
[WhiteElo "2390"]
[BlackElo "2515"]

1.e4 c5 2.Nf3 d6 3.d4 cxd4 4.Nxd4 Nf6 5.Nc3 a6 6.g3 e6 7.Bg2 Be7 8.O-O Qc7
9.Re1 O-O 10.a4 Nc6 11.Nb3 b6 12.h3 Bb7 13.Be3 Rfe8 14.Qe2 Rac8 15.Rad1 Bf8
16.g4 Nd7 17.Nd4 Na5 18.Bc1 g6 19.h4 Bg7 20.Qd3 Ne5 21.Qg3 Qc5 22.Nde2 b5
23.axb5 axb5 24.Be3 Qb4 25.Nd4 Bc6 26.Nce2 Nac4 27.c3 Qa5 28.Bc1 Qa8 29.Nxc6 Nxc6
30.f4 N6a5 31.Nd4 e5 32.Nxb5 Qb8 33.Na3 Nxb2 34.Rd5 exf4 35.Qxf4 Bxc3 36.Rf1 Re7
37.Kh1 Nbc4 38.Nb5 Bg7 39.Nxd6 Nxd6 40.Rxa5 Qb4 41.Rd5 Nc4 42.Qg3 Rce8 43.Bg5 Re6
44.Rfd1 h6 45.Bf4 Be5 46.Bxe5 Nxe5 47.g5 h5 48.Rf1 Ng4 49.Rd7 R8e7 50.Rxe7 Rxe7
51.Bf3 Qd4 52.Qf4 Nf2+ 53.Kg2 Nxe4 54.Bxe4 Qxe4+ 55.Qxe4 Rxe4 56.Kg3 Kg7
57.Rf3 Re6 58.Rf4 f6 59.Rxf6 Rxf6 60.gxf6+ Kxf6 61.Kf4 Ke6 62.Ke4 Kf7 63.Kf3  1/2-1/2

[Event "CRO-chT"]
[Site "Makarska Tucepi"]
[Date "1995.??.??"]
[Round "?"]
[White "Poljak, Srebrenka"]
[Black "Roschina, Tatiana"]
[Result "0-1"]
[WhiteElo "2075"]
[BlackElo "2315"]

1.e4 c5 2.Nf3 d6 3.d4 Nf6 4.Nc3 cxd4 5.Nxd4 a6 6.g3 e5 7.Nde2 Be7 8.Bg2 Nbd7
9.Bg5 O-O 10.Bxf6 Nxf6 11.O-O Be6 12.Nd5 Nxd5 13.exd5 Bf5 14.c4 b5 15.cxb5 axb5
16.b4 Ra3 17.Qd2 Bf6 18.Rac1 Rd3 19.Qe1 Qa8 20.Nc3 Bg5 21.f4 exf4 22.gxf4 Re8
23.Qf2 Bf6 24.Nxb5 Qa4 25.Qb6 Bd7 26.Qxd6 Bxb5 27.Rfe1 Qa7+ 28.Kh1 Rde3 29.Rxe3 Qxe3
30.Qc5 Bd4  0-1

[Event "Mlada Boleslav op"]
[Site "?"]
[Date "1995.??.??"]
[Round "?"]
[White "Kacirek, Petr"]
[Black "Voitsekhovsky, Stanislav"]
[Result "0-1"]
[WhiteElo "2250"]
[BlackElo "2500"]

1.e4 c5 2.Nf3 d6 3.d4 cxd4 4.Nxd4 Nf6 5.Nc3 a6 6.g3 e6 7.Bg2 Bd7 8.O-O Nc6
9.a4 Be7 10.Nxc6 Bxc6 11.a5 O-O 12.Be3 Rc8 13.Qe2 Nd7 14.Rfd1 Qc7 15.Bd4 Bf6
16.Qd2 Rfd8 17.Na4 Bxd4 18.Qxd4 Qxa5 19.b4 Qg5 20.f4 Qf6 21.Qxf6 Nxf6 22.Nb6 Rb8
23.Re1 d5 24.exd5 Nxd5 25.Bxd5 Bxd5 26.c4 Bc6 27.Rad1 h6 28.Kf2 Kh7 29.Ke3 g5
30.c5 Bb5 31.Rd6 Kg7 32.Red1 gxf4+ 33.gxf4 Rxd6 34.cxd6 Rd8 35.Kf3 Kf6 36.Ke4 Bc6+
37.Ke3 e5 38.fxe5+ Kxe5 39.d7 Ke6 40.Kd4 Kd6 41.Kc4+ Kc7 42.Kc5 Rf8 43.Rd6 f5
44.Rxh6 f4 45.Rd6 f3 46.Rd2 Rf5+ 47.Kc4 Kd8 48.Rf2 Rb5 49.Na4 Rg5 50.Nc3 Rg2
51.Nd1 Ba4  0-1

[Event "Moscow-ch op"]
[Site "Moscow"]
[Date "1995.??.??"]
[Round "6"]
[White "Muratov, Vladimir A"]
[Black "Shipov, Sergei"]
[Result "0-1"]
[WhiteElo "2395"]
[BlackElo "2510"]

1.e4 c5 2.Nf3 d6 3.d4 cxd4 4.Nxd4 Nf6 5.Nc3 a6 6.g3 e6 7.Bg2 Qc7 8.O-O Be7
9.Re1 O-O 10.a4 Nc6 11.Nxc6 bxc6 12.b3 Bb7 13.Ba3 Nd7 14.Qd2 c5 15.Rad1 Rad8
16.Ne2 Ne5 17.Bb2 Nc6 18.Qc1 Rfe8 19.Bc3 Bf8 20.Nf4 Rc8 21.Re2 Red8 22.Qd2 Re8  0-1

[Event "JUG-chT"]
[Site "Nis"]
[Date "1995.??.??"]
[Round "?"]
[White "Savicevic, Vlatko"]
[Black "Manojlovic, Sava"]
[Result "1/2-1/2"]
[WhiteElo "2315"]
[BlackElo "2270"]

1.e4 c5 2.Nf3 d6 3.d4 cxd4 4.Nxd4 Nf6 5.Nc3 a6 6.g3 e6 7.Bg2 Be7 8.O-O Qc7
9.a4 Nc6 10.Re1 O-O 11.Nxc6 bxc6 12.a5 e5 13.Be3 Be6 14.f4 exf4 15.gxf4 Rab8
16.Na4 d5 17.e5 Ng4 18.Bb6 Qc8 19.c3 Nh6 20.b4 Bh3 21.Ra2 Bxg2 22.Rxg2 Qh3
23.Re3 Qf5 24.Qf1  1/2-1/2

[Event "JUG-ch"]
[Site "Novi Sad"]
[Date "1995.??.??"]
[Round "?"]
[White "Matulovic, Milan"]
[Black "Ilincic, Zlatko"]
[Result "1/2-1/2"]
[WhiteElo "2445"]
[BlackElo "2565"]

1.e4 c5 2.Nf3 d6 3.d4 cxd4 4.Nxd4 Nf6 5.Nc3 a6 6.g3 e6 7.Bg2 Be7 8.O-O O-O
9.Be3 Nbd7 10.g4 Nb6 11.g5 Ne8 12.f4 e5 13.Nf5 Bxf5 14.exf5 exf4 15.Bxf4 Bxg5
16.Bxb7 Ra7 17.Bg2 Bxf4 18.Rxf4 Nf6 19.Qd4 d5 20.Kh1 Re7 21.Rg1 Qd6 22.Ne4 Rxe4
23.Rxe4 Nxe4 24.Bxe4 g6 25.Bd3 Nd7 26.c4 Ne5 27.Be2 Rd8 28.fxg6 hxg6 29.cxd5 Qxd5+
30.Qxd5 Rxd5 31.Bxa6 Ra5 32.Re1 Rxa6 33.Rxe5 Rxa2 34.Rb5 Kg7  1/2-1/2

[Event "Pardubice op"]
[Site "Pardubice"]
[Date "1995.??.??"]
[Round "?"]
[White "Kuzmin, Gennadi P"]
[Black "Nepomnishay, Mikhail I"]
[Result "1-0"]
[WhiteElo "2525"]
[BlackElo "2435"]

1.e4 c5 2.Nf3 d6 3.d4 cxd4 4.Nxd4 Nf6 5.Nc3 a6 6.g3 e5 7.Nb3 b5 8.Bg5 Nbd7
9.a4 b4 10.Nd5 Bb7 11.Bc4 Qc8 12.Qd3 Nxd5 13.Bxd5 Bxd5 14.exd5 Nb6 15.a5 Nc4
16.Nd2 Nxb2 17.Qb3 Qc3 18.Ke2 Rc8 19.Rhb1 h6 20.Be3 Nc4 21.Qxc3 bxc3 22.Nxc4 Rxc4
23.Rb8+ Kd7 24.Rab1 g5 25.R1b7+ Rc7 26.Rxc7+ Kxc7 27.Ra8  1-0

[Event "World op"]
[Site "Philadelphia"]
[Date "1995.??.??"]
[Round "7"]
[White "Spanton, Timothy"]
[Black "Magar, Thomas P"]
[Result "0-1"]
[WhiteElo "2095"]
[BlackElo "2130"]

1.e4 c5 2.Nf3 d6 3.d4 cxd4 4.Nxd4 Nf6 5.Nc3 a6 6.g3 e5 7.Nde2 b5 8.Bg2 Bb7
9.O-O Be7 10.Bg5 Nbd7 11.Bxf6 Nxf6 12.Qd2 O-O 13.Rad1 Rc8 14.h3 Qc7 15.Rfe1 Nd7
16.Rc1 Nb6 17.b3 h6 18.h4 f5 19.Bh3 Qc6 20.Bg2 f4 21.Nd5 Nxd5 22.exd5 Qb6
23.Nxf4 exf4 24.Rxe7 fxg3 25.Rf1 Rf6 26.Bh3 Rcf8 27.Be6+ Kh8 28.Qc3 gxf2+
29.Kh2 Rg6 30.Kh3 b4 31.Qd3 Rgf6 32.Kg2 a5 33.Qg3 g6 34.Kh2 Ba6 35.h5 g5
36.c4 bxc3 37.Qxc3 Qb4 38.Qxf6+ Rxf6 39.Re8+ Kh7 40.Re7+ Kh8 41.Re8+ Kg7  0-1

[Event "Polanica Zdroj op"]
[Site "Polanica Zdroj"]
[Date "1995.??.??"]
[Round "8"]
[White "Hnydiuk, Aleksander"]
[Black "Pisulinski, Jan"]
[Result "0-1"]
[WhiteElo "2260"]
[BlackElo "2390"]

1.e4 c5 2.Nf3 d6 3.d4 cxd4 4.Nxd4 Nf6 5.Nc3 a6 6.g3 e5 7.Nde2 Be7 8.Bg2 O-O
9.h3 Nbd7 10.a4 b6 11.g4 Bb7 12.Ng3 Nc5 13.O-O g6 14.Bh6 Re8 15.Qd2 Ne6 16.Nd5 Rc8
17.c3 Nxd5 18.exd5 Nc5 19.Rae1 Nxa4 20.f4 b5 21.f5 Nc5 22.f6 Bxf6 23.b4 Nd7
24.Qf2 Qe7 25.g5 Bh8 26.Be4 Rc4 27.Re3 Bg7 28.Bxg7 Kxg7 29.h4 f5 30.gxf6+ Nxf6
31.Rf3 Rf8 32.h5 Nxe4 33.h6+ Kxh6 34.Qh2+ Kg7 35.Rxf8 Bxd5 36.R8f3 Qa7+ 37.R1f2 Nxf2
38.Nh5+ gxh5  0-1

[Event "CZE Tschechien-ch"]
[Site "Prague"]
[Date "1995.??.??"]
[Round "?"]
[White "Kacirek, Petr"]
[Black "Votava, Jan"]
[Result "1-0"]
[WhiteElo "2250"]
[BlackElo "2440"]

1.e4 c5 2.Nf3 d6 3.d4 cxd4 4.Nxd4 Nf6 5.Nc3 a6 6.g3 e5 7.Nde2 Be7 8.Bg2 O-O
9.a4 b6 10.O-O Nbd7 11.h3 Nc5 12.g4 Bb7 13.Ng3 b5 14.axb5 axb5 15.Rxa8 Bxa8
16.b4 Na6 17.Nf5 Nc7 18.Bg5 Bc6 19.Qd2 Ne6 20.Ra1 Qd7 21.Ra6 Rc8 22.Bxf6 Bxf6
23.Nd5 Bd8 24.Nxd6 Rb8 25.Nf5 Bb7 26.Nf6+ Bxf6 27.Qxd7 Bxa6 28.Qa7  1-0

[Event "CZE Moravia-ch"]
[Site "Prerov"]
[Date "1995.??.??"]
[Round "4"]
[White "Babula, Milan"]
[Black "Kalod, Radek"]
[Result "1-0"]
[WhiteElo "2295"]
[BlackElo "2220"]

1.e4 c5 2.Nf3 d6 3.d4 cxd4 4.Nxd4 Nf6 5.Nc3 a6 6.g3 e6 7.Bg2 Be7 8.O-O O-O
9.b3 Qc7 10.Bb2 Nc6 11.Nce2 e5 12.Nxc6 Qxc6 13.Qd3 b5 14.Rac1 Bb7 15.c4 b4
16.Rce1 a5 17.h3 Nd7 18.g4 Nc5 19.Qc2 Bh4 20.Ng3 g6 21.Re3 f5 22.gxf5 gxf5
23.f4 exf4 24.Rxf4 Bg5 25.Ref3 Bxf4 26.Rxf4 Ne6 27.Nxf5 Rxf5 28.Rxf5 Rf8
29.Rxf8+ Nxf8 30.Qf2 Qc5 31.Qxc5 dxc5 32.Be5 Ne6 33.Bd6 Kf7 34.Kf2 Ke8 35.Ke3 Kd7
36.Be5 Bc6 37.h4 a4 38.Bh3 axb3 39.axb3 Ke7 40.Bf5 h6 41.Bxe6 Kxe6 42.Bg7 Ke7
43.Bxh6 Be8 44.Kf4 Bh5 45.Ke5 Bd1 46.Be3 Bxb3 47.Bxc5+ Kf7 48.Kd5  1-0

[Event "Schmiden op"]
[Site "Schmiden"]
[Date "1995.??.??"]
[Round "8"]
[White "Vuckovic, Aleksandar"]
[Black "Maksimenko, Andrei"]
[Result "0-1"]
[WhiteElo "2265"]
[BlackElo "2525"]

1.e4 c5 2.Nf3 d6 3.d4 cxd4 4.Nxd4 Nf6 5.Nc3 a6 6.g3 e5 7.Nde2 Nbd7 8.Bg2 Be7
9.O-O b5 10.a4 b4 11.Nd5 Nxd5 12.Qxd5 Rb8 13.c4 Nc5 14.Qd1 Bb7 15.f3 O-O
16.Be3 Qc7 17.g4 g6 18.b3 f5 19.gxf5 gxf5 20.exf5 Rxf5 21.Ng3 Rf7 22.Ra2 Ne6
23.Bh3 Nf4 24.Bxf4 Rxf4 25.Be6+ Kh8 26.Bd5 Rd4 27.Rd2 Bxd5 28.Rxd4 Qc5 29.cxd5 exd4
30.Qe1 d3+ 31.Kh1 Bh4 32.Qe6 d2 33.Qh6 Qxd5 34.Nf5 Qxf5 35.Qxh4 d1=Q  0-1

[Event "JUG-chT"]
[Site "Tivat"]
[Date "1995.??.??"]
[Round "6"]
[White "Cabrilo, Goran"]
[Black "Ilincic, Zlatko"]
[Result "1/2-1/2"]
[WhiteElo "2470"]
[BlackElo "2555"]

1.e4 c5 2.Nf3 d6 3.Nc3 Nf6 4.d4 cxd4 5.Nxd4 a6 6.g3 e6 7.Bg2 Be7 8.O-O O-O
9.a4 Nbd7 10.Nb3 Rb8 11.a5 Qc7 12.Qe2  1/2-1/2

[Event "JUG-chT"]
[Site "Tivat"]
[Date "1995.??.??"]
[Round "11"]
[White "Savicevic, Vlatko"]
[Black "Grujic, Zoran"]
[Result "1-0"]
[WhiteElo "2350"]
[BlackElo "2305"]

1.e4 c5 2.Nf3 d6 3.d4 cxd4 4.Nxd4 Nf6 5.Nc3 a6 6.g3 e6 7.Bg2 Qc7 8.O-O Nc6
9.Re1 Be7 10.Nxc6 bxc6 11.e5 dxe5 12.Rxe5 Bd6 13.Qf3 Bb7 14.Rg5 Rg8 15.Ne4 Nxe4
16.Qxe4 g6 17.Bf4 Bxf4 18.gxf4 O-O-O 19.Qe3 Rd6 20.Re5 Rgd8 21.h3 Rd4 22.Re1 R8d6
23.Rc5 Qb6 24.Rc3 Qd8 25.Rb3 Qh4 26.c3 Rd1 27.Rxd1 Rxd1+ 28.Kh2 Qd8 29.Rb4 Qc7
30.Bf3 Rd7 31.Kg2 h5 32.a4 Rd6 33.Rc4 Qd7 34.Rc5 Rd3 35.Qe4 f5 36.Qe5 Qd6
37.Qxd6 Rxd6 38.Kf1 Rd2 39.b4 Kc7 40.Re5 Kd6 41.h4 Rc2 42.Re3 Rc1+ 43.Ke2 Rc2+
44.Ke1 Bc8 45.Bd1 Rb2 46.Rg3 a5 47.bxa5 Rb7 48.Rxg6 Ra7 49.Rg8 Bd7 50.Bxh5 Rxa5
51.Bd1 Ke7 52.Rg7+ Kd6 53.h5 Ra8 54.h6 Rh8 55.h7  1-0

[Event "SVK-ch"]
[Site "Trencin"]
[Date "1995.??.??"]
[Round "11"]
[White "Vavrak, Peter"]
[Black "Maros, Milan"]
[Result "0-1"]
[WhiteElo "2115"]
[BlackElo "2225"]

1.e4 c5 2.Nf3 d6 3.d4 cxd4 4.Nxd4 Nf6 5.Nc3 a6 6.g3 e6 7.Bg2 Be7 8.O-O Qc7
9.Be3 Nc6 10.f4 Na5 11.Bf2 O-O 12.h3 Nd7 13.Nce2 b5 14.f5 e5 15.Nb3 Nc4 16.Qc1 Bb7
17.g4 Ndb6 18.g5 d5 19.Ng3 Bd6 20.h4 d4 21.h5 g6 22.Bf3 Na4 23.Kg2 Ncxb2
24.Rh1 Be7 25.Rh3 d3 26.Qh1 Bxg5 27.hxg6 h6 28.Qh2 fxg6 29.fxg6 Rf6 30.Rh1 Rxg6
31.Bh5 Rf6 32.Bf3 Bf4 33.Rh4 Rg6 34.Rg4 Rxg4 35.Bxg4 Bxe4+ 36.Bf3 Bxf3+ 37.Kxf3 Qc6+
38.Kg4 d2 39.Nxd2 Bxd2 40.Qh5 Qf6 41.Ne4 Qf4+ 42.Kh3 Qxe4 43.Rg1+ Bg5  0-1

[Event "CUB-ch sf"]
[Site "Villa Clara"]
[Date "1995.??.??"]
[Round "3"]
[White "Ibanez, Dagoberto"]
[Black "Leyva, Ricardo"]
[Result "0-1"]
[WhiteElo "2290"]
[BlackElo "2300"]

1.e4 c5 2.Nf3 d6 3.d4 cxd4 4.Nxd4 Nf6 5.Nc3 a6 6.g3 e6 7.Bg2 Ra7 8.a4 b6
9.O-O Be7 10.h3 O-O 11.g4 h6 12.Be3 Rc7 13.Nde2 Nbd7 14.f4 Bb7 15.Ng3 Nc5
16.g5 hxg5 17.fxg5 Nfd7 18.Qh5 Ne5 19.Rad1 Qe8 20.Rd4 f6 21.Qh4 Qg6 22.gxf6 Bxf6
23.Rxf6 Qxf6 24.Qxf6 gxf6 25.Rxd6 Nc4 26.Bxc5 Rxc5 27.Rxe6 Kf7 28.Rxf6+ Kxf6
29.e5+ Kxe5 30.Bxb7 Nxb2 31.Nge2 b5 32.axb5 axb5 33.Ba6 b4 34.Na2 Rxc2 35.Nxb4 Rd2
36.h4 Ke4 37.Ng3+ Kf3 38.Nf1 Rg8+ 39.Kh1 Rd4  0-1

[Event "POL-ch (Women)"]
[Site "Warsaw"]
[Date "1995.??.??"]
[Round "12"]
[White "Dabrowska, Krystyna"]
[Black "Brustman, Agnieszka"]
[Result "0-1"]
[WhiteElo "2305"]
[BlackElo "2290"]

1.e4 c5 2.Nf3 d6 3.d4 cxd4 4.Nxd4 Nf6 5.Nc3 a6 6.g3 Nc6 7.Bg2 Bd7 8.O-O e6
9.h3 Be7 10.Nde2 h6 11.g4 g5 12.Be3 Ne5 13.Qd4 Qa5 14.Rad1 Bc6 15.a4 Qc7
16.f4 gxf4 17.Bxf4 Rd8 18.g5 Nh5 19.Bxe5 dxe5 20.Qf2 Bxg5 21.h4 Rxd1 22.Rxd1 Be7
23.Rf1 Rh7 24.Kh1 Rg7 25.Qe3 Rg4 26.Bf3 Rxh4+ 27.Kg2 Nf4+ 28.Nxf4 Rxf4 29.Rh1 Bg5
30.Qc5 Rf6 31.Rd1 Rg6 32.Kh1 Be7 33.Qc4 Qb6 34.Bh5 Rg5 35.Bf3 Qf2 36.Qe2 Qxe2
37.Nxe2 Bxa4 38.b3 Bc6 39.Nc1 Rg3  0-1

[Event "Wattens op"]
[Site "Wattens"]
[Date "1995.??.??"]
[Round "?"]
[White "Priehoda, Vitezslav"]
[Black "Kornthaler, Reinhard"]
[Result "1-0"]
[WhiteElo "2365"]
[BlackElo "1825"]

1.e4 c5 2.Nf3 d6 3.d4 cxd4 4.Nxd4 Nf6 5.Nc3 a6 6.g3 e5 7.Nb3 Be6 8.Bg2 Nbd7
9.O-O Be7 10.a4 O-O 11.Nd5 Bxd5 12.exd5 Qc7 13.a5 Rfc8 14.c3 b5 15.axb6 Nxb6
16.Na5 Bf8 17.Bg5 Nc4 18.Nxc4 Qxc4 19.Bxf6 gxf6 20.Ra4 Qb5 21.Qg4+ Bg7 22.Rb4 Qc5
23.Qf5 Rcb8 24.Rh4 h6 25.Be4 Kf8 26.Qh7 h5 27.Rxh5 Rxb2 28.Rh4 f5 29.Bxf5 Qxc3
30.Be4 Qd2 31.Qf5 Ke7 32.Rh7 Bf6 33.Qe6+  1-0